| 000 | 00441nam a22001817a 4500 | ||
|---|---|---|---|
| 003 | MPLRDC | ||
| 005 | 20220104125616.0 | ||
| 008 | 210129b ||||| |||| 00| 0 eng d | ||
| 020 | _a7-5064-4345-6 | ||
| 082 | _a120.7 HLX | ||
| 100 | _a胡丽霞 编著 | ||
| 245 |
_a圣人的智慧 _c |
||
| 250 | _a一版一刷 | ||
| 260 |
_a中国 _b纺织出版社 _c2007 |
||
| 300 | _b208 | ||
| 650 | _a中国哲学总论 | ||
| 942 |
_cBK _o120.7 HLX |
||
| 999 |
_c28718 _d28708 |
||